| 000 | 01461cam a2200385 i 4500 | ||
|---|---|---|---|
| 999 |
_c200459225 _d77437 |
||
| 003 | TR-AnTOB | ||
| 005 | 20240103110355.0 | ||
| 007 | ta | ||
| 008 | 240102s2021 tu ab b 001 0 tur d | ||
| 010 | _a 2022318596 | ||
| 020 |
_a9789751748720 _q(paperback) |
||
| 020 | _a9751748720 | ||
| 035 | _a(OCoLC)on1346571504 | ||
| 035 | _a(TR-AnTOB) | ||
| 040 |
_aOSU _beng _erda _cOSU _dOCLCF _dDLC _dTR-AnTOB |
||
| 041 | 0 | _atur | |
| 043 | _aa-ii--- | ||
| 050 | 0 | 4 |
_aDS459.4 _b.K637 2021 |
| 090 |
_aDS459.4 _b.K637 2021 |
||
| 100 | 1 |
_aKoç, Bilal _eauthor _9144655 |
|
| 245 | 1 | 0 |
_aDelhi türk sultanlığında tuğluklular dönemi siyasi tarihi : _b(1320-1414) / _cBilal Koç. |
| 264 | 1 |
_aAnkara : _bTürk Tarih Kurumu, _c2021. |
|
| 300 |
_axvi, 326 pages : _billustrations (some color), maps ; _c24 cm |
||
| 336 |
_atext _btxt _2rdacontent |
||
| 337 |
_aunmediated _bn _2rdamedia |
||
| 338 |
_avolume _bnc _2rdacarrier |
||
| 490 | 0 |
_aTürk Tarih Kurumu yayınları ; _vIV/A--1. 1. Dizi-Sayı 41 |
|
| 504 | _aBIBINDX | ||
| 505 | 0 | _aSultan Gıyaseddin Tuğluk Şah devri (1320-1325) -- Sultan Muhammed Tuğluk Şah devri (1325-1351) -- Sultan Firûz Şah Tuğluk devri (1351-1388) -- Tuğluklular Hanedanı'nın dağılma devri (1388-1414). | |
| 600 | 3 | 0 |
_aTuğluk Hanedanı, _d1320-1413 _9144656 |
| 651 | 7 |
_aDelhi (Sultanlık) _xTarih _2etuturkob _9144671 |
|
| 710 | 2 |
_aTürk Tarih Kurumu _eissuing body _946395 |
|
| 942 |
_2lcc _cBK |
||